| 000 | 00701nam a2200193Ia 4500 | ||
|---|---|---|---|
| 008 | 090123s9999 xx 000 0 und d | ||
| 082 | _b37918 | ||
| 100 | _aबाखरु हरी कृष्ण | ||
| 245 | _aकॅन्सर आणि निसर्गोपचार | ||
| 250 | _a1 | ||
| 260 |
_bरोहन प्रकाशन _c2005 |
||
| 300 | _a88 | ||
| 600 | _aबाखरु हरी कृष्ण | ||
| 630 | _aकॅन्सर आणि निसर्गोपचार | ||
| 700 | _aबाखरु हरी कृष्ण | ||
| 700 | _aमांडे अरुण | ||
| 730 | _aकॅन्सर आणि निसर्गोपचार | ||
| 942 | _cBOOK | ||
| 999 |
_c75985 _d75985 |
||